000 00384ntaaa2200157 4500
003 01
005 20251027203129.0
008 0714s1973 ag 01
040 _aAR-BaBN
_bspa
_cAR-BaBN
_eaacr
_dRIC
082 _a783.9 J96
245 _aHimnos selectos evangélicos
250 _a1 ed. :
_bJunta Bautista de Publicaciones,
_cc1958
300 _a450 p.
650 _aMusica
942 _cBK
999 _c26722
_d26722